Zdravotné poistenie a právne predpisy EÚ

Zmluva o fungovaní Európskej únie v článku 168 určuje, že pri uskutočňovaní všetkých politík a činností EÚ sa má zabezpečiť vysoká úroveň ochrany ľudského zdravia s prihliadnutím najmä na vývoj vychádzajúci z nových vedeckých poznatkov. Praktické spôsoby, ktorými sa uvedené hodnoty zavádzajú do prax...

Descrizione completa

Salvato in:
Dettagli Bibliografici
Autore principale: Cingelová, Zuzana
Natura: Capitolo di libro
Lingua:slovacco
Soggetti:
Tags: Aggiungi Tag
Nessun Tag, puoi essere il primo ad aggiungerne!!

MARC

LEADER 00000naa a2200000 4500
001 0300062
005 20240626113942.5
041 0 |a slo 
044 |a SK 
245 1 0 |a Zdravotné poistenie a právne predpisy EÚ  |c Zuzana Cingelová 
520 |a Zmluva o fungovaní Európskej únie v článku 168 určuje, že pri uskutočňovaní všetkých politík a činností EÚ sa má zabezpečiť vysoká úroveň ochrany ľudského zdravia s prihliadnutím najmä na vývoj vychádzajúci z nových vedeckých poznatkov. Praktické spôsoby, ktorými sa uvedené hodnoty zavádzajú do praxe, sa v jednotlivých členských štátoch EÚ výrazne líšia. Na čo má nárok poistenec pri náhlom ochorení v cudzine? 
610 2 0 |a poistenie zdravotné 
610 2 0 |a starostlivosť zdravotná 
610 2 0 |a poistenci 
610 2 0 |a ochrana zdravia 
610 2 0 |a predpisy právne 
610 2 0 |a smernice 
610 2 0 |a Európska únia 
100 1 |a Cingelová, Zuzana